| 000 | 00407nam a2200181Ia 4500 | ||
|---|---|---|---|
| 001 | 10428 | ||
| 005 | 20260306161831.0 | ||
| 008 | 260306t1972||||xx |||||||||||||| ||spa|| | ||
| 041 | _aESP | ||
| 082 |
_a928 _bT869 |
||
| 100 |
_aToynbee, Arnold J. _eAUT |
||
| 245 | 0 | _aExperiencias | |
| 260 | _c1972 | ||
| 300 |
_a377 páginas : _c22 cm. |
||
| 650 | _aGEN | ||
| 654 | _aCHU | ||
| 942 |
_cLIB _dJUS _fJUS _2ddc _n |
||
| 999 |
_c10428 _d10428 |
||